[Event "Vaujany op-A 8th"]
[Site "Vaujany"]
[Date "2017.07.20"]
[Round "8.18"]
[White "Suez Panama, Gilles"]
[Black "Bandet, Raphael"]
[Result "1-0"]
[WhiteElo "2057"]
[BlackElo "2179"]
[PlyCount "117"]
[EventDate "2017.07.13"]
[EventType "swiss"]
[EventRounds "9"]
[EventCountry "FRA"]
[SourceTitle "EXT 2020"]
[Source "ChessBase"]
[SourceDate "2019.10.17"]
[SourceVersion "1"]
[SourceVersionDate "2019.10.17"]
[SourceQuality "1"]

1. Nf3 Nf6 2. b3 g6 3. Bb2 Bg7 4. e3 0-0 5. Be2 d5 6. d4 b6 7. Nbd2 Bb7 8. 0-0 Nbd7 9. Rc1 e6 10. c4 c5 11. Qc2 Rc8 12. Qb1 Ne4 13. Rfd1 Qe7 14. dxc5 Ndxc5 15. Bxg7 Kxg7 16. cxd5 Bxd5 17. Nxe4 Nxe4 18. Qb2+ Qf6 19. Qxf6+ Kxf6 20. Ba6 Rxc1 21. Rxc1 Nc5 22. Be2 a5 23. Nd4 Rd8 24. Nb5 Bc6 25. Nd4 Bb7 26. Nb5 Bc6 27. Nd4 Bb7 28. f4 e5 29. fxe5+ Kxe5 30. Bf3 Bxf3 31. gxf3 Rxd4 32. exd4+ Kxd4 33. Rc4+ Ke3 34. Kg2 f5 35. b4 Nd3 36. bxa5 bxa5 37. Ra4 f4 38. Re4+ Kd2 39. h4 h6 40. Kf1 g5 41. h5 Nb4 42. a3 Nc2 43. a4 Ne3+ 44. Kf2 Nd1+ 45. Kg2 Ne3+ 46. Kf2 Nd1+ 47. Kg1 Ne3 48. Re6 Ke2 49. Rxh6 Kxf3 50. Rf6 Ng4 51. Rg6 Ke2 52. Re6+ Ne3 53. h6 f3 54. Rxe3+ Kxe3 55. Kf1 g4 56. h7 g3 57. h8Q g2+ 58. Kg1 f2+ 59. Kxg2 1-0

[Event "Vaujany op-A 8th"]
[Site "Vaujany"]
[Date "2017.07.18"]
[Round "6.8"]
[White "Abello, Sebastien"]
[Black "Bandet, Raphael"]
[Result "1-0"]
[WhiteElo "2362"]
[BlackElo "2179"]
[PlyCount "67"]
[EventDate "2017.07.13"]
[EventType "swiss"]
[EventRounds "9"]
[EventCountry "FRA"]
[SourceTitle "EXT 2020"]
[Source "ChessBase"]
[SourceDate "2019.10.17"]
[SourceVersion "1"]
[SourceVersionDate "2019.10.17"]
[SourceQuality "1"]

1. d4 Nf6 2. c4 g6 3. g3 Bg7 4. Bg2 0-0 5. Nc3 d6 6. Nf3 c5 7. d5 e6 8. 0-0 exd5 9. cxd5 Re8 10. Bf4 a6 11. a4 b6 12. Re1 Ng4 13. Bg5 Qc7 14. h3 Ne5 15. Nd2 h6 16. Bf4 g5 17. Bxe5 Bxe5 18. Nc4 Bg7 19. e4 Nd7 20. f4 gxf4 21. gxf4 Bb7 22. Kh1 Nf8 23. Qg4 Rad8 24. Rg1 Bc8 25. f5 Qe7 26. Bf3 Qg5 27. Qxg5 hxg5 28. h4 Nd7 29. Nxd6 Re7 30. Nxc8 Rxc8 31. d6 Ree8 32. Nd5 Ne5 33. Be2 Nc6 34. d7 1-0

[Event "FRA-ch op-A"]
[Site "Agen"]
[Date "2016.08.18"]
[Round "6"]
[White "Bandet, Raphael"]
[Black "De Lussac, Rainier"]
[Result "1-0"]
[WhiteElo "2152"]
[BlackElo "2099"]
[PlyCount "83"]
[EventDate "2016.08.12"]
[EventType "swiss"]
[EventRounds "9"]
[EventCountry "FRA"]
[SourceTitle "EXT 2017"]
[Source "ChessBase"]
[SourceDate "2016.10.25"]
[SourceVersion "1"]
[SourceVersionDate "2016.10.25"]
[SourceQuality "1"]

1. e4 c5 2. Nf3 e6 3. d4 cxd4 4. Nxd4 Nc6 5. Nc3 Qc7 6. Be2 a6 7. Be3 Nf6 8. 0-0 Be7 9. f4 d6 10. Qe1 0-0 11. Qg3 Re8 12. Rae1 Bd7 13. Kh1 Bf8 14. a3 Rac8 15. Bd3 Nxd4 16. Bxd4 e5 17. fxe5 dxe5 18. Be3 Qd6 19. Rf3 Nh5 20. Qh4 Qg6 21. Rf5 Nf4 22. Bxf4 exf4 23. Rxf4 Re5 24. Nd5 b5 25. Ref1 Be6 26. Ne7+ Bxe7 27. Qxe7 f6 28. Qd6 a5 29. Bxb5 h6 30. Bd3 Bc4 31. Rf5 Bxd3 32. Qxd3 Rce8 33. Rxe5 Rxe5 34. b4 axb4 35. axb4 Rxe4 36. b5 f5 37. Qd5+ Kh7 38. c4 f4 39. Qd3 Qf5 40. b6 g6 41. b7 Re1 42. Rxe1 1-0

[Event "Vaujany op-A 7th"]
[Site "Vaujany"]
[Date "2016.07.16"]
[Round "1"]
[White "Lebon, Nicolas"]
[Black "Bandet, Raphael"]
[Result "0-1"]
[WhiteElo "1854"]
[BlackElo "2156"]
[PlyCount "102"]
[EventDate "2016.07.16"]
[EventType "swiss"]
[EventRounds "9"]
[EventCountry "FRA"]
[SourceTitle "EXT 2019"]
[Source "ChessBase"]
[SourceDate "2018.10.10"]
[SourceVersion "1"]
[SourceVersionDate "2018.10.10"]
[SourceQuality "1"]

1. f4 Nf6 2. Nf3 d5 3. e3 e6 4. b3 Be7 5. Bb2 0-0 6. Bd3 c5 7. 0-0 Nc6 8. Ne5 Nb4 9. Rf3 Nxd3 10. cxd3 d4 11. Rg3 Qd5 12. Na3 Rb8 13. Ng4 b5 14. e4 Qd8 15. Nf2 a6 16. Nc2 b4 17. Ne1 Bb7 18. Nf3 Nh5 19. Nh3 Nxg3 20. hxg3 h6 21. Kf2 f5 22. e5 Qd5 23. Qh1 Kf7 24. Nhg1 Rh8 25. Nh3 Rbg8 26. Ke2 Kf8 27. Nf2 g5 28. Nd1 Ke8 29. Bc1 g4 30. Qh5+ Kd8 31. Ne1 Bc6 32. a3 a5 33. axb4 axb4 34. Nb2 Be8 35. Qh1 h5 36. Nc4 h4 37. Nb6 Qb7 38. Nc4 hxg3 39. Qg1 Rh2 40. Bb2 Rgh8 41. Bxd4 Bc6 42. Kd1 cxd4 43. Qxd4+ Qd7 44. Qb6+ Qc7 45. Qd4+ Ke8 46. Ra7 Qd8 47. Nd6+ Bxd6 48. exd6 R8h7 49. Rg7 Rxg7 50. Qxg7 Qxd6 51. Qg8+ Kd7 0-1

[Event "FRA-ch op-A"]
[Site "Agen"]
[Date "2016.??.??"]
[Round "7"]
[White "Bandet, Raphael"]
[Black "Helstroffer, Arnaud"]
[Result "0-1"]
[WhiteElo "2152"]
[BlackElo "2064"]
[PlyCount "77"]
[EventDate "2016.08.12"]
[EventType "swiss"]
[EventRounds "9"]
[EventCountry "FRA"]
[SourceTitle "EXT 2017"]
[Source "ChessBase"]
[SourceDate "2016.10.25"]
[SourceVersion "1"]
[SourceVersionDate "2016.10.25"]
[SourceQuality "1"]

1. e4 e6 2. d4 d5 3. Nd2 Nf6 4. e5 Nfd7 5. Bd3 c5 6. c3 Nc6 7. Ngf3 g6 8. h4 h6 9. 0-0 Bg7 10. Re1 Qb6 11. dxc5 Qc7 12. Nb3 0-0 13. Bf4 f6 14. Nfd4 Ndxe5 15. Bxg6 Qd8 16. Bc2 f5 17. Qh5 Qf6 18. Nxc6 Nxc6 19. Nd4 Nxd4 20. cxd4 Qxd4 21. Bxh6 Qxb2 22. Bxg7 Qxg7 23. Rab1 Rf6 24. Qe8+ Rf8 25. Qh5 Rf6 26. Ba4 Rg6 27. g3 e5 28. Kh2 e4 29. c6 b6 30. Rec1 Be6 31. Rd1 Rh6 32. Qe2 f4 33. Bb3 f3 34. Qf1 Qg4 35. Bxd5 Rxh4+ 36. gxh4 Qxh4+ 37. Kg1 Qg4+ 38. Kh1 Kg7 39. Kh2 0-1

[Event "Vaujany op-A 6th"]
[Site "Vaujany"]
[Date "2015.07.12"]
[Round "4"]
[White "Hebert, Jean"]
[Black "Bandet, Raphael"]
[Result "1-0"]
[WhiteElo "2362"]
[BlackElo "2165"]
[PlyCount "45"]
[EventDate "2015.07.09"]
[EventType "swiss"]
[EventRounds "9"]
[EventCountry "FRA"]
[SourceTitle "EXT 2017"]
[Source "ChessBase"]
[SourceDate "2016.10.25"]
[SourceVersion "1"]
[SourceVersionDate "2016.10.25"]
[SourceQuality "1"]

1. Nf3 d5 2. g3 Nf6 3. Bg2 e6 4. 0-0 b6 5. c4 Bb7 6. d4 Be7 7. cxd5 Nxd5 8. Re1 c5 9. e4 Nf6 10. Nc3 cxd4 11. Nxd4 0-0 12. Be3 Nc6 13. e5 Nd5 14. Nxd5 exd5 15. Nf5 Bb4 16. Bd2 Bc5 17. Qg4 g6 18. Nh6+ Kg7 19. Bg5 Be7 20. Nf5+ Kg8 21. Nxe7+ Nxe7 22. Qh4 Re8 23. g4 1-0

[Event "Vaujany op 5th"]
[Site "Vaujany"]
[Date "2014.07.16"]
[Round "7.24"]
[White "Bandet, Raphael"]
[Black "Adam, Gyorgy"]
[Result "1-0"]
[WhiteElo "1964"]
[BlackElo "2052"]
[PlyCount "65"]
[EventDate "2014.07.10"]
[EventType "swiss"]
[EventRounds "9"]
[EventCountry "FRA"]
[SourceTitle "EXT 2017"]
[Source "ChessBase"]
[SourceDate "2016.10.25"]
[SourceVersion "1"]
[SourceVersionDate "2016.10.25"]
[SourceQuality "1"]

1. e4 c5 2. Nf3 Nc6 3. d4 cxd4 4. Nxd4 g6 5. Nc3 Bg7 6. Be3 Nf6 7. Bc4 0-0 8. Bb3 d6 9. f3 Bd7 10. Qd2 Ne5 11. 0-0-0 Rc8 12. Kb1 Nc4 13. Bxc4 Rxc4 14. g4 b5 15. b3 Rc8 16. Ndxb5 Bxb5 17. Nxb5 a6 18. Nd4 Qc7 19. h4 d5 20. e5 Nd7 21. f4 Nc5 22. Ne2 Ne4 23. Qd3 Rfd8 24. Bd4 e6 25. g5 Bf8 26. h5 Bc5 27. Rc1 Ba3 28. Rcf1 Qa5 29. hxg6 fxg6 30. Qh3 Rc7 31. Qxe6+ Rf7 32. Rxh7 Rdd7 33. Rfh1 1-0

[Event "Dauphine Savoie-ch"]
[Site "Eybens Chambery"]
[Date "2014.05.25"]
[Round "2"]
[White "Hamou, Fodil"]
[Black "Bandet, Raphael"]
[Result "1/2-1/2"]
[WhiteElo "1817"]
[BlackElo "1984"]
[PlyCount "143"]
[EventDate "2014.05.24"]
[EventType "swiss"]
[EventRounds "7"]
[EventCountry "FRA"]
[SourceTitle "EXT 2015"]
[Source "ChessBase"]
[SourceDate "2014.11.20"]
[SourceVersion "1"]
[SourceVersionDate "2014.11.20"]
[SourceQuality "1"]

1. d4 d5 2. c4 Nc6 3. Nf3 Bg4 4. cxd5 Bxf3 5. dxc6 Bxc6 6. Nc3 e6 7. Bf4 Bd6 8. Bxd6 Qxd6 9. e3 Nf6 10. f3 g5 11. Bd3 0-0-0 12. Qc2 g4 13. Ne4 Bxe4 14. Bxe4 Nxe4 15. fxe4 Qb4+ 16. Qc3 Qb5 17. 0-0-0 Rd6 18. Kb1 Rhd8 19. e5 R6d7 20. Rc1 Qd5 21. Rc2 Kb8 22. Rhc1 Qe4 23. Ka1 c6 24. Rf1 h5 25. Rf4 Qg6 26. Rcf2 g3 27. hxg3 Qxg3 28. a3 Qg6 29. Qc2 Rg8 30. Rf6 Qg4 31. Rxf7 Rxf7 32. Rxf7 Qg6 33. Rf2 Qxc2 34. Rxc2 Rg3 35. Re2 Kc7 36. Kb1 c5 37. Kc2 Kc6 38. Kd3 Kd5 39. dxc5 Kxc5 40. Ke4 Rg4+ 41. Kf3 Kd5 42. Rc2 Rg7 43. e4+ Kxe5 44. Rc5+ Kd4 45. Rxh5 Rf7+ 46. Ke2 Kxe4 47. Ra5 Rg7 48. Ra4+ Kd5 49. g4 b6 50. Ke3 Rh7 51. Rd4+ Ke5 52. Re4+ Kf6 53. Kf4 Rg7 54. b4 e5+ 55. Kg3 Ke6 56. Kf3 Kd5 57. b5 Rf7+ 58. Ke3 Rh7 59. Ra4 Kc5 60. Ke4 Kxb5 61. Rb4+ Kc5 62. Kxe5 Rh3 63. g5 Rxa3 64. Rg4 Re3+ 65. Kf4 Re8 66. g6 a5 67. g7 Rg8 68. Ke3 Kd5 69. Kd3 Ke5 70. Rg6 a4 71. Kc4 a3 72. Kb3 1/2-1/2

[Event "FRA-chT U20 GpA 1213"]
[Site "France"]
[Date "2013.01.06"]
[Round "7"]
[White "Veys, Vincent"]
[Black "Bandet, Raphael"]
[Result "0-1"]
[WhiteElo "2047"]
[BlackElo "1969"]
[PlyCount "120"]
[EventDate "2012.12.01"]
[EventType "team"]
[EventRounds "7"]
[EventCountry "FRA"]
[SourceTitle "EXT 2014"]
[Source "ChessBase"]
[SourceDate "2013.11.20"]
[SourceVersion "1"]
[SourceVersionDate "2013.11.20"]
[SourceQuality "1"]
[WhiteTeam "Mulhouse (U20)"]
[BlackTeam "Grenoble (U20)"]
[WhiteTeamCountry "FRA"]
[BlackTeamCountry "FRA"]

1. e4 e5 2. Nf3 Nc6 3. Bb5 a6 4. Ba4 Nf6 5. 0-0 Be7 6. d3 b5 7. Bb3 0-0 8. Re1 d6 9. c3 Bb7 10. Nbd2 Na5 11. Bc2 c5 12. Nf1 Qc7 13. Ng3 g6 14. Bh6 Rfe8 15. Bg5 Rad8 16. d4 Nc6 17. d5 Nb8 18. a4 Nbd7 19. h4 c4 20. Nd2 Nc5 21. Qf3 Nfd7 22. Bxe7 Rxe7 23. h5 Ra8 24. axb5 axb5 25. Rxa8+ Bxa8 26. Qg4 Re8 27. Re3 Qd8 28. hxg6 hxg6 29. Nf3 Nf6 30. Qg5 Nh7 31. Qg4 Bb7 32. Nf5 Bc8 33. N3h4 Kh8 34. Nxg6+ fxg6 35. Qxg6 Bxf5 36. exf5 Rg8 37. Qh5 Qg5 38. Qh3 Qg4 39. Qh2 Ra8 40. Qh6 Qf4 41. Qxf4 exf4 42. Re2 Nf6 43. Kh2 Ra2 44. Bb1 Ra1 45. Bc2 Nd3 46. g3 Nxb2 47. gxf4 Kg7 48. Re7+ Kf8 49. Re6 Nxd5 50. Rxd6 Nxf4 51. Rb6 Ra5 52. Be4 Na4 53. Rb8+ Kf7 54. Kg3 Ne2+ 55. Kg4 Naxc3 56. Bc6 Nd4 57. Be8+ Ke7 58. Bg6 Nd5 59. Re8+ Kd7 60. Re1 c3 0-1

[Event "FRA-ch op-B"]
[Site "Pau"]
[Date "2012.08.17"]
[Round "4"]
[White "Bandet, Raphael"]
[Black "Joslin, Jerome"]
[Result "0-1"]
[WhiteElo "1925"]
[BlackElo "1973"]
[PlyCount "53"]
[EventDate "2012.08.14"]
[EventType "swiss"]
[EventRounds "11"]
[EventCountry "FRA"]
[SourceTitle "EXT 2013"]
[Source "ChessBase"]
[SourceDate "2012.11.22"]
[SourceVersion "1"]
[SourceVersionDate "2012.11.22"]
[SourceQuality "1"]

1. e4 e5 2. Nf3 Nc6 3. Bc4 Nf6 4. d3 Be7 5. c3 d5 6. exd5 Nxd5 7. 0-0 0-0 8. Re1 Bg4 9. h3 Bh5 10. Nbd2 Nf4 11. Ne4 Na5 12. Bb5 f5 13. Ng3 Bxf3 14. Qxf3 c6 15. Bc4+ Nxc4 16. dxc4 Nd3 17. Rd1 e4 18. Qe2 Bc5 19. Be3 Bxe3 20. Qxe3 f4 21. Qxe4 fxg3 22. Rxd3 gxf2+ 23. Kf1 Qc7 24. g3 Rae8 25. Qg4 Qe5 26. Kg2 Qe1 27. Rd7 0-1

[Event "FRA-chT U20 1112"]
[Site "France"]
[Date "2011.12.18"]
[Round "5"]
[White "Bandet, Raphael"]
[Black "Dumas, Charles"]
[Result "0-1"]
[WhiteElo "1876"]
[BlackElo "1868"]
[PlyCount "102"]
[EventDate "2011.12.03"]
[EventType "team-swiss"]
[EventRounds "7"]
[EventCountry "FRA"]
[SourceTitle "EXT 2013"]
[Source "ChessBase"]
[SourceDate "2012.11.22"]
[SourceVersion "1"]
[SourceVersionDate "2012.11.22"]
[SourceQuality "1"]

1. e4 c5 2. Nf3 Nc6 3. d4 cxd4 4. Nxd4 Nf6 5. Nc3 d6 6. Be2 e5 7. Nb3 Be7 8. Bg5 Nxe4 9. Nxe4 Bxg5 10. Nxd6+ Ke7 11. Ne4 Qxd1+ 12. Rxd1 Bh6 13. c3 f5 14. Nd6 Rd8 15. Nxc8+ Raxc8 16. 0-0 g6 17. Nc5 b6 18. Nb7 Rxd1 19. Rxd1 e4 20. Nd6 Rd8 21. Nb5 Rxd1+ 22. Bxd1 Bc1 23. b4 Bd2 24. Bb3 Kf6 25. Bd5 Ne5 26. Nxa7 Bxc3 27. Nc8 Bd4 28. a4 Nd3 29. a5 Nxb4 30. Nxb6 Nxd5 31. Nxd5+ Ke6 32. Nc7+ Kd7 33. Nb5 Bc5 34. a6 Kc6 35. a7 Kb7 36. a8Q+ Kxa8 37. Nc7+ Kb7 38. Ne6 Be7 39. g4 fxg4 40. Kg2 Kc6 41. Nf4 Bd6 42. Ne6 Kd5 43. Ng5 h5 44. h3 Be7 45. Nf7 Ke6 46. Nh8 Kf6 47. hxg4 hxg4 48. Kg3 Kg7 49. Nxg6 Kxg6 50. Kxg4 Bd6 51. f4 Kf6 0-1

[Event "FRA-chT U20 1112"]
[Site "France"]
[Date "2011.12.18"]
[Round "6"]
[White "Bandet, Raphael"]
[Black "Viennot, Dylan"]
[Result "1/2-1/2"]
[WhiteElo "1876"]
[BlackElo "2134"]
[PlyCount "127"]
[EventDate "2011.12.03"]
[EventType "team-swiss"]
[EventRounds "7"]
[EventCountry "FRA"]
[SourceTitle "EXT 2013"]
[Source "ChessBase"]
[SourceDate "2012.11.22"]
[SourceVersion "1"]
[SourceVersionDate "2012.11.22"]
[SourceQuality "1"]

1. e4 c5 2. Nf3 Nc6 3. d4 cxd4 4. Nxd4 e5 5. Nb5 d6 6. N1c3 a6 7. Na3 b5 8. Nd5 Nge7 9. Bg5 h6 10. Bxb5 hxg5 11. Nxe7 axb5 12. Nxc6 Qd7 13. Nb4 Ra4 14. c3 d5 15. Qd2 Bxb4 16. cxb4 f6 17. exd5 Rh4 18. 0-0 Raxb4 19. Rac1 Bb7 20. Rfd1 Rhd4 21. Qe2 Qxd5 22. f3 Rxb2 23. Qxb2 Rxd1+ 24. Rxd1 Qxd1+ 25. Kf2 Bc6 26. Nxb5 g4 27. Na7 Bd7 28. Qb8+ Ke7 29. Qc7 gxf3 30. gxf3 Ke6 31. Nc8 Qd5 32. Qb6+ Kf7 33. Qc7 Qxa2+ 34. Kg3 Qe6 35. Nb6 Ke8 36. Nxd7 Qxd7 37. Qb8+ Kf7 38. Qb3+ Kg6 39. h4 Qf5 40. Qa4 Kh6 41. Qb4 Qg6+ 42. Kf2 Kh5 43. Qc4 Qf5 44. Qf7+ Qg6 45. Qc4 f5 46. Kf1 Qf6 47. Qa4 f4 48. Qd7 Qxh4 49. Qxg7 Qh3+ 50. Kf2 Qh2+ 51. Kf1 Qh3+ 52. Kf2 Qf5 53. Qh8+ Kg5 54. Qg7+ Kh4 55. Qh8+ Qh5 56. Qf6+ Kh3 57. Qg7 Qh4+ 58. Kf1 Qg3 59. Qh8+ Qh4 60. Qxe5 Qg3 61. Qh8+ Qh4 62. Qxh4+ Kxh4 63. Kg2 Kg5 64. Kh3 1/2-1/2

[Event "FRA-chT U20 1112"]
[Site "France"]
[Date "2011.12.04"]
[Round "2.2"]
[White "Bandet, Raphael"]
[Black "Lamard, Guillaume"]
[Result "1-0"]
[WhiteElo "1876"]
[BlackElo "2179"]
[PlyCount "119"]
[EventDate "2011.12.03"]
[EventType "team-swiss"]
[EventRounds "7"]
[EventCountry "FRA"]
[SourceTitle "EXT 2013"]
[Source "ChessBase"]
[SourceDate "2012.11.22"]
[SourceVersion "1"]
[SourceVersionDate "2012.11.22"]
[SourceQuality "1"]

1. e4 c5 2. Nf3 e6 3. d4 cxd4 4. Nxd4 Nc6 5. Nc3 Qc7 6. Be3 a6 7. Be2 Nf6 8. 0-0 Bb4 9. f3 0-0 10. a3 Bxc3 11. bxc3 d5 12. Bd3 Ne5 13. Qd2 dxe4 14. fxe4 Neg4 15. Nf3 Rd8 16. Qe1 Bd7 17. Rb1 Nxe3 18. Qxe3 Bc6 19. Ng5 Qe5 20. Nf3 Qh5 21. Qf4 Qg4 22. Qe3 Bxe4 23. Rb4 Bxd3 24. Rxg4 Nxg4 25. Qf4 Bxf1 26. Kxf1 Nf6 27. Qc7 Rd7 28. Qb6 Nd5 29. Qa5 Rc7 30. Qa4 Rxc3 31. Qd7 Rxc2 32. Qxb7 Rd8 33. Qa7 h6 34. h3 Nc3 35. Kg1 Ne2+ 36. Kf2 Nf4+ 37. Kg3 g5 38. Ne5 Rf8 39. Qe7 Rxg2+ 40. Kf3 Nd5 41. Qd7 Rc2 42. h4 Kg7 43. hxg5 hxg5 44. Qa4 Rfc8 45. Qd4 f6 46. Nd3 R8c3 47. Qa7+ Kg6 48. Qxa6 Rxd3+ 49. Qxd3+ f5 50. Qxc2 g4+ 51. Kg3 Kg5 52. a4 f4+ 53. Kf2 Ne3 54. Qe4 Nf5 55. a5 g3+ 56. Kg1 Nh4 57. a6 Kg4 58. a7 Nf3+ 59. Kh1 Ng5 60. Qc4 1-0

[Event "FRA-chT U20 1112"]
[Site "France"]
[Date "2011.12.04"]
[Round "3.2"]
[White "Bombail, Leonard"]
[Black "Bandet, Raphael"]
[Result "1-0"]
[WhiteElo "1867"]
[BlackElo "1876"]
[PlyCount "125"]
[EventDate "2011.12.03"]
[EventType "team-swiss"]
[EventRounds "7"]
[EventCountry "FRA"]
[SourceTitle "EXT 2013"]
[Source "ChessBase"]
[SourceDate "2012.11.22"]
[SourceVersion "1"]
[SourceVersionDate "2012.11.22"]
[SourceQuality "1"]

1. e4 e5 2. Nf3 Nc6 3. Bc4 Nf6 4. d3 Bc5 5. Nc3 h6 6. a3 a6 7. h3 0-0 8. 0-0 d6 9. Ba2 Ne7 10. d4 exd4 11. Nxd4 Ng6 12. Be3 Re8 13. f3 Nh5 14. Qe1 Nhf4 15. Qg3 Qf6 16. Rad1 c6 17. Rd2 Re5 18. Kh2 Rg5 19. Qe1 Rh5 20. Qg3 Qe5 21. Nce2 Nxh3 22. Qxe5 Ng5+ 23. Kg1 dxe5 24. Nf5 Bxe3+ 25. Nxe3 Be6 26. Bxe6 Nxe6 27. Nf5 Ngf4 28. Nxf4 Nxf4 29. g3 Rg5 30. Kf2 Ne6 31. Rfd1 Kf8 32. Rd7 Nc5 33. Rc7 Rb8 34. b4 Ne6 35. Rcd7 Rg6 36. Nd6 Rf6 37. c3 Ng5 38. Nf5 Kg8 39. R1d3 c5 40. bxc5 g6 41. R3d6 Rxd6 42. Nxd6 Ne6 43. Nxf7 Nxc5 44. Nxh6+ Kf8 45. Rh7 Rd8 46. Rh8+ Ke7 47. Rxd8 Kxd8 48. Nf7+ Ke7 49. Nxe5 Kf6 50. Ng4+ Ke6 51. Ke3 Kd6 52. Nf6 Nb3 53. Nd5 Kc5 54. f4 Na5 55. Kd3 Nc4 56. Ne7 Nxa3 57. Nxg6 Kd6 58. Ne5 b5 59. g4 a5 60. g5 Ke6 61. Nc6 Nc4 62. f5+ Kf7 63. e5 1-0